[Event "AUTO-INT-354"]
[Site "http://www.queenalice.com/game.php?id=171674"]
[Date "2007.2.20"]
[Round "1"]
[White "ricurvello"]
[Black "wellcome"]
[Result "1-0"]
[WhiteElo "1919"]
[BlackElo "1449"]

1. e4 e5 2. Nf3 f6 3. Bc4 Ne7 4. O-O Nbc6 5. c3 d6 6. d4 Bg4 7. d5 Bxf3 8. Qxf3
Na5 9. Bb5+ c6 10. Ba4 g6 11. Nd2 b5 12. Bc2 cxd5 13. exd5 f5 14. a4 Bh6 15.
axb5 O-O 16. b4 Nb7 17. Bb3 Bxd2 18. Bxd2 Qb6 19. Bg5 e4 20. Qe2 Rae8 21. Rfc1
f4 22. Qxe4 Nf5 23. Qc4 Re5 24. Ra6 Rfe8 25. Rf1 Re4 26. Qc6 Qxc6 27. dxc6+ Kh8
28. Bf6+ Ng7 29. cxb7 Re1 30. Rxa7 R1e4 31. b8=Q Rxb8 32. Bxg7# 1-0

[Event "AUTO-INT-354"]
[Site "http://www.queenalice.com/game.php?id=171675"]
[Date "2007.2.20"]
[Round "1"]
[White "wellcome"]
[Black "ricurvello"]
[Result "0-1"]
[WhiteElo "1270"]
[BlackElo "1873"]

1. e3 e5 2. Nf3 Nc6 3. Bc4 d5 4. Bb5 Bd6 5. Bxc6+ bxc6 6. d4 e4 7. Nfd2 Nf6 8.
Nc3 O-O 9. f3 Re8 10. fxe4 Nxe4 11. O-O Qh4 12. g3 Bxg3 13. hxg3 Qxg3+ 14. Kh1
Qh3+ 15. Kg1 Qxe3+ 16. Kh1 Qh3+ 17. Kg1 Qg3+ 18. Kh1 Bg4 19. Nf3 Nf2+ 20. Rxf2
Qxf2 21. Qg1 Bxf3+ 22. Qg2 Qxg2# 0-1

[Event "AUTO-INT-354"]
[Site "http://www.queenalice.com/game.php?id=171676"]
[Date "2007.2.20"]
[Round "1"]
[White "ricurvello"]
[Black "jocker_1"]
[Result "1-0"]
[WhiteElo "1919"]
[BlackElo "1244"]

1. e4 e5 2. Nf3 Nc6 3. Bb5 Bd6 4. O-O Nf6 5. Nc3 O-O 6. d3 a6 7. Ba4 Bc5 8. Bxc6
dxc6 9. Bg5 Qd6 10. h3 Nh5 11. Be3 Bxe3 12. fxe3 Qg6 13. Nxe5 Qg3 14. Qxh5 Qxe3+
15. Kh1 f6 16. Nc4 Qg5 17. Qxg5 fxg5 18. Rxf8+ Kxf8 19. Rf1+ Kg8 20. g4 h5 21.
gxh5 1-0

[Event "AUTO-INT-354"]
[Site "http://www.queenalice.com/game.php?id=171677"]
[Date "2007.2.20"]
[Round "1"]
[White "jocker_1"]
[Black "ricurvello"]
[Result "0-1"]
[WhiteElo "1244"]
[BlackElo "1919"]

1. d4 d5 2. c4 dxc4 3. Nf3 Nf6 4. e3 Bg4 5. Bxc4 e6 6. O-O Bd6 7. Qa4+ Nc6 8.
Ne5 Bxe5 9. dxe5 Nd5 10. Bxd5 Qxd5 11. Nc3 Qxe5 12. Qxg4 O-O 13. Bd2 Rad8 14.
Rad1 f5 15. Qh5 Qa5 16. Ne4 Qxa2 17. Ng5 h6 18. e4 hxg5 19. Bxg5 Rxd1 20. Rxd1
Qxb2 21. exf5 exf5 22. Bf4 Ne5 23. Bxe5 Qxe5 24. Kf1 Re8 25. g3 a5 0-1

[Event "Torneio 1"]
[Site "http://www.queenalice.com/game.php?id=177273"]
[Date "2007.3.5"]
[Round "1"]
[White "spawnwolfwolverine"]
[Black "ricurvello"]
[Result "0-1"]
[WhiteElo "1578"]
[BlackElo "1938"]

1. d3 e5 2. e3 d5 3. a3 Nf6 4. g3 Bc5 5. Bg2 O-O 6. Ne2 Nc6 7. O-O Bg4 8. b4 Bd6
9. Nd2 Re8 10. c4 dxc4 11. Nxc4 a6 12. Nxd6 cxd6 13. e4 Bxe2 14. Qxe2 Nd4 15.
Qb2 b5 16. Bg5 h6 17. Bxf6 Qxf6 18. Rac1 Rac8 19. Rxc8 Rxc8 20. f4 Rc2 21. Qa1
exf4 22. gxf4 Qg6 23. Rf2 Nf3+ 24. Kf1 Nxh2+ 25. Ke1 Qg3 26. Kd1 Qxf2 27. Qxg7+
Kxg7 0-1

[Event "Torneio 1"]
[Site "http://www.queenalice.com/game.php?id=194878"]
[Date "2007.4.10"]
[Round "2"]
[White "ricurvello"]
[Black "hugo10"]
[Result "1-0"]
[WhiteElo "1967"]
[BlackElo "1486"]

1. e4 e5 2. Nf3 Nc6 3. Bb5 Bc5 4. O-O g5 5. Nc3 a6 6. Ba4 b5 7. Bb3 d6 8. d3 b4
9. Nd5 Nf6 10. Bxg5 Be6 11. Nxf6+ Kf8 12. Bxe6 h6 13. Bh4 Kg7 14. Nh5+ Kg6 15.
Bf5+ Kxh5 16. g4# 1-0

[Event "AUTO-INT-354"]
[Site "http://www.queenalice.com/game.php?id=208011"]
[Date "2007.5.8"]
[Round "2"]
[White "jpzenitram"]
[Black "ricurvello"]
[Result "1-0"]
[WhiteElo "1858"]
[BlackElo "1938"]

1. e4 e5 2. Nf3 Nc6 3. Nc3 Nf6 4. Bc4 Bc5 5. h3 O-O 6. a3 a6 7. b4 Ba7 8. d3 d6
9. Bb2 Be6 10. Bxe6 fxe6 11. O-O b5 12. Ne2 Nh5 13. Bc3 Nf4 14. Ng3 Qf6 15. Kh2
Nd8 16. Bd2 Nf7 17. c4 Bd4 18. Nxd4 exd4 19. cxb5 axb5 20. Bxf4 Qxf4 21. f3 Nh6
22. Rc1 Rfc8 23. Ra1 d5 24. Qb3 c6 25. Qc2 Kf7 26. Rfd1 Ng8 27. Qd2 Qe3 28. Nf1
Qxd2 29. Nxd2 Nf6 30. e5 1-0

[Event "AUTO-INT-354"]
[Site "http://www.queenalice.com/game.php?id=208012"]
[Date "2007.5.8"]
[Round "2"]
[White "ricurvello"]
[Black "jpzenitram"]
[Result "0-1"]
[WhiteElo "1959"]
[BlackElo "1837"]

1. e4 d6 2. d4 Nf6 3. Nc3 g6 4. Nf3 Bg7 5. Be3 e6 6. Be2 c6 7. O-O b5 8. a3 a6
9. b4 O-O 10. e5 dxe5 11. dxe5 Qxd1 12. Raxd1 Nfd7 13. Bc5 Nxc5 14. bxc5 Nd7 15.
Ne4 Nxe5 16. Nxe5 Bxe5 17. Nd6 Bxd6 18. cxd6 c5 19. Bf3 Ra7 20. Rd2 Rd8 21. Bc6
Bd7 22. Bf3 a5 23. Rb1 b4 24. axb4 cxb4 25. Rd3 Ba4 26. Rb2 Rad7 27. c3 b3 28.
Rbd2 Bb5 29. Rd4 a4 0-1

[Event "AUTO-INT-354"]
[Site "http://www.queenalice.com/game.php?id=208015"]
[Date "2007.5.8"]
[Round "2"]
[White "ricurvello"]
[Black "Horial"]
[Result "0-1"]
[WhiteElo "1845"]
[BlackElo "1802"]

1. Nf3 Nf6 2. Nc3 d5 3. d4 Nc6 4. Bg5 e6 5. Bxf6 Qxf6 6. e3 Bb4 7. a3 Ba5 8. b4
Bb6 9. Bb5 O-O 10. Bxc6 bxc6 11. Ne5 Qg5 12. O-O f6 13. Nxc6 Bd7 14. b5 e5 15.
Nxd5 Bh3 16. Qf3 Bg4 17. Qg3 exd4 18. e4 Rfe8 19. Nde7+ Kf7 20. Nd5 Rxe4 21. f3
Qxd5 0-1

[Event "AUTO-INT-354"]
[Site "http://www.queenalice.com/game.php?id=208016"]
[Date "2007.5.8"]
[Round "2"]
[White "Horial"]
[Black "ricurvello"]
[Result "1-0"]
[WhiteElo "1783"]
[BlackElo "1864"]

1. e4 e5 2. Nf3 Nc6 3. Bb5 a6 4. Ba4 b5 5. Bb3 Nf6 6. O-O Bc5 7. Nxe5 Nxe5 8. d4
Bxd4 9. Qxd4 d6 10. Bg5 c5 11. Bxf6 Qxf6 12. Qd5 Ra7 13. f4 Ng4 14. Nc3 O-O 15.
e5 dxe5 16. fxe5 Qxe5 17. Qxe5 Nxe5 18. a4 b4 19. Nd5 Be6 20. Rae1 Nc6 21. Nf4
1-0

[Event "AUTO-OPEN-563"]
[Site "http://www.queenalice.com/game.php?id=236917"]
[Date "2007.7.9"]
[Round "2"]
[White "Uragano"]
[Black "ricurvello"]
[Result "1-0"]
[WhiteElo "1871"]
[BlackElo "1880"]

1. e4 e5 2. Nf3 Nc6 3. Bc4 Nf6 4. d3 Bc5 5. Bg5 h6 6. Bxf6 Qxf6 7. O-O O-O 8. c3
a6 9. a3 d6 10. b4 Ba7 11. Nbd2 Bg4 12. Ba2 Ne7 13. Qb3 b5 14. c4 Ng6 15. Qd1
Nf4 16. Bb1 Bd4 17. Ra2 c5 18. bxc5 1-0

[Event "AUTO-OPEN-563"]
[Site "http://www.queenalice.com/game.php?id=236918"]
[Date "2007.7.9"]
[Round "2"]
[White "ricurvello"]
[Black "Uragano"]
[Result "0-1"]
[WhiteElo "1898"]
[BlackElo "1853"]

1. e4 e5 2. Nf3 Nc6 3. Bb5 a6 4. Ba4 Nf6 5. d3 Be7 6. O-O b5 7. Bb3 O-O 8. Nc3
d6 9. Bg5 Bg4 10. h3 Bxf3 11. Qxf3 Nd4 12. Qe3 Nxb3 13. axb3 c6 14. Ne2 Nd7 15.
Bxe7 Qxe7 16. f4 f5 17. c4 exf4 18. Rxf4 fxe4 19. Rxe4 Qf6 0-1

[Event "AUTO-OPEN-562"]
[Site "http://www.queenalice.com/game.php?id=261083"]
[Date "2007.8.25"]
[Round "2"]
[White "gdan"]
[Black "ricurvello"]
[Result "1-0"]
[WhiteElo "2056"]
[BlackElo "1919"]

1. e4 e5 2. Nf3 Nc6 3. Bb5 a6 4. Ba4 b5 5. Bb3 Nf6 6. O-O Bc5 7. c3 d6 8. d4
exd4 9. cxd4 Bb6 10. Ng5 O-O 11. Qd3 Bxd4 12. Be3 1-0

[Event "AUTO-OPEN-562"]
[Site "http://www.queenalice.com/game.php?id=261084"]
[Date "2007.8.25"]
[Round "2"]
[White "ricurvello"]
[Black "gdan"]
[Result "0-1"]
[WhiteElo "1908"]
[BlackElo "2067"]

1. e4 d6 2. d4 g6 3. Nf3 Bg7 4. Bf4 c5 5. dxc5 Bxb2 6. Nbd2 Bxa1 7. Qxa1 Nf6 8.
e5 dxe5 9. Bxe5 Nbd7 10. Bb5 O-O 0-1